| 000 | 00702nam a2200217 u 4500 | ||
|---|---|---|---|
| 005 | 20240314063646.0 | ||
| 008 | 130201s2003 es r 000 0 spa d | ||
| 020 | _a8426131182 | ||
| 035 | _aUPN01000189364 | ||
| 049 | _aI | ||
| 050 | 4 |
_aPZ7 _bE7.2 |
|
| 100 | 1 |
_aErnst, Lisa Campbell, _d1957- _933411 |
|
| 245 | 1 | 1 |
_a¿Dónde está el libro de Clara? / _cLisa Campbell Ernst ; tr. Christiane Reyes. |
| 260 |
_aBarcelona, Esp. : _bJuventud, _c2003. |
||
| 300 |
_a[36] p. : _bil. col |
||
| 534 |
_pTitulo original: _tStella Louella's runaway book |
||
| 650 | 4 |
_aCuentos infantiles estadounidenses _910762 |
|
| 650 | 4 |
_aLibros y lectura para niños _92290 |
|
| 905 | _aInfantil | ||
| 999 |
_c161467 _d161467 |
||